000 00267nam a22001217a 4500
082 _a823
_bDAS/R
100 _aDAS, ASHA
245 _aTHE RABBIT AND THE SHARKS
260 _aBOMBAY
_bPAULINE
_c01/03/2002
300 _a24
650 _aENGLISH STORY
_zINDIA
942 _cBK
999 _c7363
_d7363